| 000 | 00831nam a22002417a 4500 | ||
|---|---|---|---|
| 999 |
_c347 _d347 |
||
| 003 | AR-BaISA | ||
| 005 | 20190220120740.0 | ||
| 007 | ta | ||
| 008 | 180129s2005 ag ad||| |||| 00| 0 spa d | ||
| 020 | _a987113598X | ||
| 020 | _a9789871135981 | ||
| 040 | _cAR-BaISA | ||
| 082 | 0 | 4 |
_222 _a617.102 7 M668 |
| 100 | 1 | 0 |
_9858 _aMinuchin, Patricia Susana |
| 245 | 1 | 0 |
_aFisiología del ejercicio: _bmetabolismo intermedio y regulación hormonal / _cPatricia Susana Minuchin |
| 260 |
_aBuenos Aires: _bNobuko, _c2005 |
||
| 300 |
_a249 p.: _bil., graf. |
||
| 505 |
_tEl metabolismo intermedio en el ejercicio físico -- _tLas glándulas endocrinas y sus mensajes, las hormonas |
||
| 650 | 1 | 4 |
_9595 _aEjercicio físico _xfisiología |
| 650 | 1 | 4 |
_9595 _aEjercicio físico _xmetabolismo |
| 650 | 1 | 4 |
_9394 _aMedicina deportiva |
| 942 |
_2ddc _cLI |
||